Uncanny X-Men Debuts Quiz Stats

 Plays Quiz not verified by Sporcle

Challenge
Share
Tweet
Embed
Score 0/25 Timer 08:00
0 Plays Today
Issue Character % Correct
X-Men #1Beast
98.7%
X-Men #1Cyclops
98.7%
X-Men #1Iceman
96.7%
The Incredible Hulk #180Wolverine
96.7%
Giant Size X-Men #1Storm
96.1%
X-Men #1Angel
95.4%
X-Men #1Jean Grey
95.4%
Giant Size X-Men #1Nightcrawler
92.2%
Giant Size X-Men #1Colossus
90.2%
Avengers Annual #10Rogue
90.2%
X-Men #54Havok
86.9%
86.9%
Uncanny X-Men #129Shadowcat
85%
Issue Character % Correct
Uncanny X-Men Annual #14Gambit
84.3%
X-Men #49Polaris
83%
X-Men #28Banshee
80.4%
Uncanny X-Men #282Bishop
77.1%
Uncanny X-Men #244Jubilee
74.5%
New Mutants Annual #2Psylocke
73.2%
Uncanny X-Men #201Cable
71.2%
X-Men #1Charles Xavier
68%
Uncanny X-Men #129Emma Frost
64.7%
Uncanny X-Men #184Forge
58.2%
Uncanny X-Men #141Marvel Girl
52.3%
New Mutants #8Magma
41.2%

You're not logged in!

Compare scores with friends on all Sporcle quizzes.
Join for Free
OR
Log In

You Might Also Like...

Show Comments

Extras

Top Quizzes Today


Score Distribution

Your Account Isn't Verified!

In order to create a playlist on Sporcle, you need to verify the email address you used during registration. Go to your Sporcle Settings to finish the process.

Report this User

Report this user for behavior that violates our Community Guidelines.

Details: